Global monitoring and control of HVAC processes for smart buildings
Gespeichert in:
| 1. Verfasser: | |
|---|---|
| Weitere Verfasser: | |
| Format: | Manuskript Buch |
| Sprache: | Slowakisch Englisch |
| Veröffentlicht: |
2022
|
| Schlagworte: | |
| Online-Zugang: | http://is.stuba.sk/zp/portal_zp.pl?podrobnosti=152728 |
| Tags: |
Keine Tags, Fügen Sie das erste Tag hinzu!
|
MARC
| LEADER | 00000ntm a22000003a 4500 | ||
|---|---|---|---|
| 001 | stuzp71364 | ||
| 003 | SK-STU | ||
| 005 | 20221210210252.7 | ||
| 007 | ta | ||
| 008 | 150427s2015----xo-----f-mn---000-0-slo-d | ||
| 040 | |a STU |b slo | ||
| 041 | 0 | |a eng | |
| 100 | 1 | |a Minarčík, Peter |u 020020 |k Z3 |4 aut |U SjF Strojnícka fakulta |T SjF Ústav automatizácie, merania a aplikovanej informatiky |X 63178 |U J0020 |Y 802 |7 63178 | |
| 242 | 0 | 1 | |a Globálne monitorovanie a riadenie HVAC procesov pre inteligentné budovy |y slo |
| 245 | 1 | 0 | |a Global monitoring and control of HVAC processes for smart buildings |
| 260 | |c 2022 | ||
| 650 | 4 | |a riadenie |2 slo | |
| 650 | 4 | |a monitorovanie |2 slo | |
| 650 | 4 | |a HVAC systém |2 slo | |
| 650 | 4 | |a identifikácia |2 slo | |
| 650 | 4 | |a identification |2 eng | |
| 650 | 4 | |a HVAC system |2 eng | |
| 650 | 4 | |a control |2 eng | |
| 650 | 4 | |a monitoring |2 eng | |
| 700 | 1 | |a Gulan, Martin |u 020020 |k Z1 |4 ths |U SjF Strojnícka fakulta |T SjF Ústav automatizácie, merania a aplikovanej informatiky |X 49587 |U J0020 |Y 802 |7 A000049587 | |
| 856 | 4 | |u http://is.stuba.sk/zp/portal_zp.pl?podrobnosti=152728 | |
| 996 | |b 284J047104 |c J* 119346 |l JJST |s P |a 0 |w stuzp71364_0001 | ||